000 01237nam a22002537a 4500
005 20250806162024.0
008 220305b ||||| |||| 00| 0 eng d
020 _a9789385629754
040 _cAloy
041 _akan
082 _223
_a338.9K
_bGOWP
100 _aH R Krishnaiah Gowda
_9234339
100 _922874
_dಎಚ್ ಆರ್ ಕೃಷ್ಣಯ್ಯ ಗೌಡ
245 _aProwda Karnataka Arthikate : Advanced Karnataka Economy
_b: ಪ್ರೌಢ ಕರ್ನಾಟಕ ಆರ್ಥಿಕತೆ Ed 2
250 _a2
260 _aMaisuru
_bMaisuru Book House
_c2019
300 _aL,894p
_bPB
_c21x13cm
365 _2Political Science
_a6190
_b380.00
_c
_d475.00
_e20%
_f01-03-2022
650 _aKarnataka Arthavyvastheya Sthula Samikshe
_922875
_2: ಕರ್ನಾಟಕ ಅರ್ಥವ್ಯವಸ್ಥೆಯ ಸ್ಥೂಲ ಸಮೀಕ್ಷೆ
650 _aKarnatakada Rajyadaya mattu Tala Adaya: ಕರ್ನಾಟಕದ ರಾಜ್ಯಾದಾಯ ಮತ್ತು ತಲಾ ಆದಾಯ
_922876
650 _aNaisargika Sampanmulagalu: ನೈಸರ್ಗಿಕ ಸಂಪನ್ಮೂಲಗಳು
_922877
700 _aಎಚ್ ಆರ್ ಕೃಷ್ಣಯ್ಯ ಗೌಡ
_922878
942 _2ddc
_cBK
999 _c221734
_d221734